[Event "GRE-ch U20"]
[Site "Trikala"]
[Date "2022.08.28"]
[Round "6"]
[White "Tsarsitalidis, Konstantinos"]
[Black "Stoimenidis, Dimitrios"]
[Result "1/2-1/2"]
[WhiteElo "2059"]
[BlackElo "1967"]
[PlyCount "80"]
[EventDate "2022.08.25"]
[EventType "swiss"]
[EventRounds "9"]
[EventCountry "GRE"]
[SourceTitle "CBM 210 Extra"]
[Source "ChessBase"]
[SourceDate "2022.11.30"]
[SourceVersion "1"]
[SourceVersionDate "2022.11.30"]
[SourceQuality "1"]

1. e4 c6 2. d4 d5 3. Nd2 dxe4 4. Nxe4 Bf5 5. Ng3 Bg6 6. h4 h6 7. Bd3 Bxd3 8. Qxd3 e6 9. N1e2 Bd6 10. Ne4 Be7 11. Qg3 Kf8 12. Bd2 Nf6 13. Nxf6 Bxf6 14. 0-0-0 Na6 15. Kb1 h5 16. Bf4 Qa5 17. Nc3 Rd8 18. Ne4 Be7 19. Bg5 f6 20. Bc1 Kf7 21. Qf3 Qf5 22. Qe2 Rhe8 23. f3 e5 24. g4 hxg4 25. fxg4 Qe6 26. g5 f5 27. g6+ Qxg6 28. Rdg1 Qh7 29. Qc4+ Kf8 30. dxe5 Rd5 31. Nd6 Bxd6 32. exd6 Re4 33. Qc3 Rxd6 34. b3 c5 35. h5 f4 36. Bb2 Re7 37. Qf3 Rf7 38. Bxg7+ Ke8 39. Qg4 Rxg7 40. Qxg7 Rd1+ 1/2-1/2

[Event "GRE-ch U20"]
[Site "Trikala"]
[Date "2022.08.27"]
[Round "4"]
[White "Tsarsitalidis, Konstantinos"]
[Black "Proutsalis, Marios Alexandros"]
[Result "1-0"]
[WhiteElo "2059"]
[BlackElo "1640"]
[PlyCount "63"]
[EventDate "2022.08.25"]
[EventType "swiss"]
[EventRounds "9"]
[EventCountry "GRE"]
[SourceTitle "CBM 210 Extra"]
[Source "ChessBase"]
[SourceDate "2022.11.30"]
[SourceVersion "1"]
[SourceVersionDate "2022.11.30"]
[SourceQuality "1"]

1. e4 c5 2. Nf3 a6 3. g3 d6 4. Bg2 e5 5. 0-0 Nc6 6. c3 Nf6 7. Qe2 Be7 8. h3 0-0 9. Rd1 Qc7 10. Na3 Re8 11. Nc4 Rb8 12. Ne3 Bf8 13. d3 b5 14. Nh2 Ne7 15. Nhg4 Nxg4 16. hxg4 Be6 17. Bf3 b4 18. Nd5 Nxd5 19. exd5 Bd7 20. c4 f5 21. gxf5 Bxf5 22. Be4 Qd7 23. Kg2 Re7 24. Rh1 Rf7 25. Be3 Be7 26. Rh2 g6 27. Bf3 Rbf8 28. Rah1 Bg5 29. Bxg5 Bg4 30. Bxg4 Rxf2+ 31. Kh3 Rxe2 32. Bxd7 1-0

[Event "GRE-ch U20"]
[Site "Trikala"]
[Date "2022.08.26"]
[Round "3"]
[White "Merkouropoulos, Dionysios"]
[Black "Tsarsitalidis, Konstantinos"]
[Result "0-1"]
[WhiteElo "1643"]
[BlackElo "2059"]
[PlyCount "148"]
[EventDate "2022.08.25"]
[EventType "swiss"]
[EventRounds "9"]
[EventCountry "GRE"]
[SourceTitle "CBM 210 Extra"]
[Source "ChessBase"]
[SourceDate "2022.11.30"]
[SourceVersion "1"]
[SourceVersionDate "2022.11.30"]
[SourceQuality "1"]

1. d4 Nf6 2. c4 g6 3. f3 Nc6 4. e4 e5 5. d5 Nd4 6. Be3 c5 7. dxc6 dxc6 8. Nc3 Bg7 9. Nge2 Nxe2 10. Bxe2 0-0 11. 0-0 Qe7 12. a3 Be6 13. b4 Rfd8 14. Qa4 Nh5 15. Rfd1 Nf4 16. Bf1 Bd7 17. Rd2 Ne6 18. Ne2 Nd4 19. Qd1 Be6 20. Nxd4 exd4 21. Bxd4 Rxd4 22. Rxd4 c5 23. Rd2 Bxa1 24. Qxa1 cxb4 25. axb4 Qxb4 26. Qd4 b6 27. Rb2 Qe7 28. Rb1 Rd8 29. Qe5 Rc8 30. Rb5 Qc7 31. Qxc7 Rxc7 32. Rb4 Kf8 33. Kf2 Ke7 34. Ke3 Kd6 35. Kd4 Kc6 36. Bd3 f6 37. Kc3 a6 38. f4 Kc5 39. g3 Bd7 40. Rb2 Bc6 41. e5 fxe5 42. fxe5 Re7 43. Re2 b5 44. cxb5 axb5 45. Bc2 b4+ 46. Kb2 Bd5 47. Bb3 Bxb3 48. Kxb3 Kd5 49. Kxb4 Rxe5 50. Rf2 Ke4 51. Kc3 Rf5 52. Re2+ Kf3 53. Kd2 Ra5 54. Re3+ Kg2 55. Re2+ Kh3 56. Kd3 Ra7 57. Kd4 Rd7+ 58. Kc3 Rd1 59. Kc4 g5 60. Re5 h6 61. Re2 g4 62. Re4 h5 63. Re2 Rh1 64. Re5 Rxh2 65. Rxh5+ Kxg3 66. Rg5 Rd2 67. Kc3 Rd8 68. Rg7 Kf3 69. Rf7+ Kg2 70. Rg7 g3 71. Kc2 Kf2 72. Rf7+ Kg1 73. Rg7 g2 74. Kc1 Rf8 0-1

[Event "GRE CupT final 40th"]
[Site "Thessaloniki"]
[Date "2022.08.19"]
[Round "3.2"]
[White "Ladopoulos, Dimitrios"]
[Black "Tsarsitalidis, Konstantinos"]
[Result "1-0"]
[WhiteElo "2335"]
[BlackElo "2059"]
[PlyCount "113"]
[EventDate "2022.08.18"]
[EventType "team-swiss"]
[EventRounds "3"]
[EventCountry "GRE"]
[SourceTitle "CBM 209 Extra"]
[Source "ChessBase"]
[SourceDate "2022.09.30"]
[SourceVersion "1"]
[SourceVersionDate "2022.09.30"]
[SourceQuality "1"]

1. d4 Nf6 2. Nf3 g6 3. g3 Bg7 4. Bg2 0-0 5. 0-0 d5 6. c4 dxc4 7. Na3 c3 8. bxc3 c5 9. e3 Nc6 10. Bb2 e5 11. Nc4 exd4 12. cxd4 cxd4 13. Nxd4 Nxd4 14. Bxd4 Be6 15. Rc1 Rc8 16. Qa4 Qd7 17. Qxd7 Nxd7 18. Nd6 Rxc1 19. Rxc1 Bxd4 20. exd4 Nf6 21. Nxb7 Rb8 22. a3 Nd5 23. Nc5 Nc3 24. Kf1 Bc4+ 25. Ke1 Rb1 26. Rxb1 Nxb1 27. a4 Kf8 28. Kd1 Nc3+ 29. Kd2 Bd5 30. Bxd5 Nxd5 31. Kd3 Ke7 32. Kc4 Nc7 33. Ne4 f5 34. Nc3 Ne8 35. Kb5 Nf6 36. Ka6 Ng4 37. Kxa7 Nxf2 38. Kb6 Ne4 39. Nd5+ Kd6 40. Ne3 Kd7 41. a5 Nd6 42. a6 Nc8+ 43. Kc5 Kc7 44. d5 Nd6 45. Nc4 Ne4+ 46. Kd4 Kb8 47. d6 Nf6 48. Ke5 Nd7+ 49. Ke6 Nc5+ 50. Ke7 Ka7 51. d7 Nxd7 52. Kxd7 Kxa6 53. Ke6 Kb5 54. Nd6+ Kc5 55. Nxf5 gxf5 56. Kxf5 Kd6 57. Ke4 1-0

[Event "GRE CupT final 40th"]
[Site "Thessaloniki"]
[Date "2022.08.18"]
[Round "1.4"]
[White "Tsarsitalidis, Konstantinos"]
[Black "Koukouvinos, Viktor"]
[Result "1-0"]
[WhiteElo "2059"]
[BlackElo "1743"]
[PlyCount "87"]
[EventDate "2022.08.18"]
[EventType "team-swiss"]
[EventRounds "3"]
[EventCountry "GRE"]
[SourceTitle "CBM 209 Extra"]
[Source "ChessBase"]
[SourceDate "2022.09.30"]
[SourceVersion "1"]
[SourceVersionDate "2022.09.30"]
[SourceQuality "1"]

1. e4 e5 2. Nf3 Nc6 3. Bc4 Bc5 4. c3 Nf6 5. d4 exd4 6. e5 d5 7. Be2 Ne4 8. cxd4 Bb6 9. Nc3 Be6 10. 0-0 h6 11. Be3 Qe7 12. Rc1 Rd8 13. Na4 0-0 14. Nxb6 axb6 15. Ne1 f5 16. Nd3 Kh7 17. f3 Ng5 18. Nf4 Bf7 19. Bd3 g6 20. Qd2 Be6 21. h4 Nf7 22. h5 Nh8 23. hxg6+ Nxg6 24. Nxe6 Qxe6 25. Bxh6 Rg8 26. Bg5 Rdf8 27. g4 Nge7 28. Kg2 Rh8 29. Rh1+ Kg6 30. Bf6 Rxh1 31. Rxh1 Kf7 32. Rh7+ Ke8 33. Bb5 Rxf6 34. exf6 Qxf6 35. Qf4 Kd8 36. Bxc6 Qxc6 37. Qh6 Qc2+ 38. Kg3 f4+ 39. Kh4 Qf2+ 40. Kg5 Kd7 41. Qf6 Qe3 42. Qxf4 Qe2 43. Qf5+ Kc6 44. Qf6+ 1-0

[Event "GRE CupT final 40th 3rd place playoff"]
[Site "Thessaloniki"]
[Date "2022.08.18"]
[Round "1.2"]
[White "Tsarsitalidis, Konstantinos"]
[Black "Ladopoulos, Dimitrios"]
[Result "0-1"]
[WhiteElo "2059"]
[BlackElo "2335"]
[PlyCount "90"]
[EventDate "2022.08.18"]
[EventType "team-match (rapid)"]
[EventRounds "1"]
[EventCountry "GRE"]
[SourceTitle "EXT 2024"]
[Source "ChessBase"]
[SourceDate "2023.10.10"]
[SourceVersion "1"]
[SourceVersionDate "2023.10.10"]
[SourceQuality "1"]
[WhiteTeam "Thessaloniki ES"]
[BlackTeam "Rhodes Ippotis"]
[WhiteTeamCountry "GRE"]
[BlackTeamCountry "GRE"]

1. e4 c5 2. Nf3 e6 3. d4 cxd4 4. Nxd4 Nf6 5. Nc3 d6 6. g3 Be7 7. Bg2 a6 8. 0-0 Qc7 9. Re1 0-0 10. Be3 Nc6 11. h3 Bd7 12. a4 Rac8 13. Nxc6 bxc6 14. a5 c5 15. Bf4 Bc6 16. e5 dxe5 17. Bxe5 Qb7 18. Bxc6 Qxc6 19. Qe2 Nd7 20. Bf4 c4 21. Qe4 Bb4 22. Qxc6 Rxc6 23. Ra4 Bxc3 24. bxc3 Nf6 25. Rd1 Nd5 26. Rd4 Rfc8 27. Bd2 Kf8 28. Kg2 Ke7 29. Kf3 h6 30. h4 Rc5 31. Bc1 Nxc3 32. Rb4 Nb5 33. Rd1 Rf5+ 34. Kg2 Rd5 35. Re1 Nd6 36. Bf4 Nb5 37. Be3 f6 38. Bb6 Kf7 39. Re4 Nd6 40. Re2 e5 41. Rb1 Nb5 42. Rb4 Rc6 43. Re4 c3 44. Be3 Nd6 45. Rg4 h5 0-1

[Event "GRE-chT 49th"]
[Site "Thessaloniki"]
[Date "2022.08.17"]
[Round "7.1"]
[White "Michelakos, Panagiotis"]
[Black "Tsarsitalidis, Konstantinos"]
[Result "0-1"]
[WhiteElo "2281"]
[BlackElo "2059"]
[PlyCount "64"]
[EventDate "2022.08.12"]
[EventType "team-swiss"]
[EventRounds "7"]
[EventCountry "GRE"]
[SourceTitle "CBM 209 Extra"]
[Source "ChessBase"]
[SourceDate "2022.09.30"]
[SourceVersion "1"]
[SourceVersionDate "2022.09.30"]
[SourceQuality "1"]
[WhiteTeam "Eaao Fysiolatris Nikias"]
[BlackTeam "Thessaloniki ES"]
[WhiteTeamCountry "GRE"]
[BlackTeamCountry "GRE"]

1. d4 Nf6 2. Bf4 d6 3. e3 g6 4. Be2 Nbd7 5. h3 Bg7 6. Nf3 0-0 7. 0-0 c5 8. c4 cxd4 9. exd4 Nh5 10. Bh2 e5 11. c5 Nf4 12. cxd6 Nxe2+ 13. Qxe2 exd4 14. Nbd2 Re8 15. Qb5 Qb6 16. Qxb6 Nxb6 17. Nb3 d3 18. Rad1 Bf5 19. Nfd4 Be4 20. Nb5 Red8 21. Nc5 Bc6 22. Nc7 Rac8 23. b3 d2 24. Bf4 g5 25. Bxg5 Rxd6 26. Bf4 Rd4 27. Bg3 Bf8 28. b4 Rxb4 29. Nb3 Bh6 30. Bd6 Ra4 31. Nc5 Rxa2 32. f4 Bf8 0-1

[Event "GRE-chT2 48th"]
[Site "Thessaloniki"]
[Date "2021.10.10"]
[Round "7.4"]
[White "Tsarsitalidis, Konstantinos"]
[Black "Hadzimanolis, Antonios"]
[Result "0-1"]
[WhiteElo "2030"]
[BlackElo "2215"]
[PlyCount "92"]
[EventDate "2021.10.05"]
[EventType "team-swiss"]
[EventRounds "7"]
[EventCountry "GRE"]
[SourceTitle "CBM 204 Extra"]
[Source "ChessBase"]
[SourceDate "2021.11.30"]
[SourceVersion "1"]
[SourceVersionDate "2021.11.30"]
[SourceQuality "1"]
[WhiteTeam "Thessaloniki ES"]
[BlackTeam "Triandrias OS"]
[WhiteTeamCountry "GRE"]
[BlackTeamCountry "GRE"]

1. e4 e5 2. Nf3 Nc6 3. Bc4 Nf6 4. d4 exd4 5. e5 d5 6. Bb5 Ne4 7. Nxd4 Bc5 8. Be3 Bd7 9. Bxc6 bxc6 10. 0-0 0-0 11. f3 Ng5 12. f4 Ne4 13. Nd2 Nxd2 14. Qxd2 Bb6 15. Nb3 f6 16. Bc5 fxe5 17. fxe5 Rf5 18. Rxf5 Bxf5 19. Rf1 Qd7 20. Qf2 g6 21. a4 Qg7 22. Bxb6 axb6 23. Nd4 Qxe5 24. Nxc6 Qe8 25. Nd4 Be4 26. Qf6 Qd7 27. h4 Re8 28. h5 c5 29. hxg6 hxg6 30. Nb5 Bf5 31. Qxb6 Re2 32. Qxc5 Rxc2 33. Qa3 Qg7 34. Qb3 Be4 35. Rf2 Rc1+ 36. Kh2 Qe5+ 37. Kh3 Rh1+ 38. Kg4 Bf5+ 39. Rxf5 Qxf5+ 40. Kg3 Qe5+ 41. Kg4 Qe4+ 42. Kg3 Rf1 43. Kh3 Qf5+ 44. g4 Rf3+ 45. Kh2 Qf4+ 46. Kh1 Rf1+ 0-1

[Event "GRE-chT2 48th"]
[Site "Thessaloniki"]
[Date "2021.10.07"]
[Round "4.3"]
[White "Tsarsitalidis, Konstantinos"]
[Black "Balokas, Dimitrios"]
[Result "1/2-1/2"]
[WhiteElo "2030"]
[BlackElo "2219"]
[PlyCount "61"]
[EventDate "2021.10.05"]
[EventType "team-swiss"]
[EventRounds "7"]
[EventCountry "GRE"]
[SourceTitle "CBM 204 Extra"]
[Source "ChessBase"]
[SourceDate "2021.11.30"]
[SourceVersion "1"]
[SourceVersionDate "2021.11.30"]
[SourceQuality "1"]
[WhiteTeam "Thessaloniki ES"]
[BlackTeam "Neapolis Sykeon"]
[WhiteTeamCountry "GRE"]
[BlackTeamCountry "GRE"]

1. e4 c5 2. Nf3 Nc6 3. d4 cxd4 4. Nxd4 Qb6 5. Nb3 Nf6 6. Nc3 e6 7. Bd3 a6 8. 0-0 Qc7 9. f4 d6 10. Be2 b5 11. Bf3 Bb7 12. Be3 Be7 13. Qe1 0-0 14. Qf2 Rac8 15. Rac1 Rfe8 16. g4 b4 17. Ne2 d5 18. e5 Ne4 19. Bxe4 dxe4 20. c3 Qb8 21. Ned4 Nxd4 22. cxd4 Bd5 23. Qe2 Qb5 24. Qxb5 axb5 25. Rxc8 Rxc8 26. Rc1 Ra8 27. Rc7 Bf8 28. Nc5 Rxa2 29. Rc8 Ra8 30. Rxa8 Bxa8 31. Bd2 1/2-1/2

[Event "GRE-chT2 48th"]
[Site "Thessaloniki"]
[Date "2021.10.06"]
[Round "3.2"]
[White "Kanakaris, Georgios"]
[Black "Tsarsitalidis, Konstantinos"]
[Result "1/2-1/2"]
[WhiteElo "2393"]
[BlackElo "2030"]
[PlyCount "84"]
[EventDate "2021.10.05"]
[EventType "team-swiss"]
[EventRounds "7"]
[EventCountry "GRE"]
[SourceTitle "CBM 204 Extra"]
[Source "ChessBase"]
[SourceDate "2021.11.30"]
[SourceVersion "1"]
[SourceVersionDate "2021.11.30"]
[SourceQuality "1"]
[WhiteTeam "Kavalas"]
[BlackTeam "Thessaloniki ES"]
[WhiteTeamCountry "GRE"]
[BlackTeamCountry "GRE"]

1. d4 Nf6 2. Nf3 g6 3. g3 Bg7 4. Bg2 0-0 5. 0-0 d5 6. c4 dxc4 7. Na3 c3 8. bxc3 c5 9. Bb2 Nc6 10. Re1 Bf5 11. Nc4 Be4 12. Ncd2 cxd4 13. Nxe4 Nxe4 14. cxd4 Rc8 15. Qd3 Nd6 16. Bh3 Nb4 17. Qb3 Nc2 18. Bxc8 Nxa1 19. Rxa1 Qxc8 20. Ba3 Nf5 21. Rc1 Qd7 22. d5 Nd6 23. Kg2 Rc8 24. Rxc8+ Qxc8 25. Qe3 Qd8 26. Qd3 Qd7 27. e4 b5 28. Bc5 Nc4 29. Nd4 a6 30. Nc6 Ne5 31. Nxe5 Bxe5 32. f4 Bd6 33. Bd4 Qb7 34. Bb2 Kf8 35. Qd4 Ke8 36. e5 Bb8 37. Kh3 Ba7 38. Qd3 Qc8+ 39. Kh4 Qc5 40. Qc3 Qxc3 41. Bxc3 Kd7 42. Kg5 Bg1 1/2-1/2

[Event "GRE-ch U20"]
[Site "Trikala"]
[Date "2021.08.27"]
[Round "7"]
[White "Tsarsitalidis, Konstantinos"]
[Black "Krallis, Christos"]
[Result "1/2-1/2"]
[WhiteElo "1962"]
[BlackElo "2447"]
[PlyCount "88"]
[EventDate "2021.08.23"]
[EventType "swiss"]
[EventRounds "9"]
[EventCountry "GRE"]
[SourceTitle "EXT 2022"]
[Source "ChessBase"]
[SourceDate "2021.10.06"]
[SourceVersion "1"]
[SourceVersionDate "2021.10.06"]
[SourceQuality "1"]

1. e4 e5 2. Nf3 Nc6 3. Nc3 Nf6 4. d4 Bb4 5. Nxe5 Bxc3+ 6. bxc3 Qe7 7. f3 Nxe5 8. dxe5 Qxe5 9. Qd4 d6 10. Be3 Bd7 11. Rb1 b6 12. Bc4 0-0 13. 0-0 Bc6 14. Qxe5 dxe5 15. g4 Ne8 16. Rfd1 Nd6 17. Be2 Rfd8 18. c4 Nb7 19. Kf2 Kf8 20. Rxd8+ Rxd8 21. Rb3 Ke7 22. c5 Nxc5 23. Bxc5+ bxc5 24. Rc3 Rd4 25. Rxc5 Kd6 26. Rc3 a5 27. Ke3 f6 28. Ra3 Ra4 29. Rd3+ Kc5 30. Rc3+ Kb6 31. a3 Rd4 32. Bd3 Ba4 33. Be2 c6 34. h4 g5 35. hxg5 fxg5 36. Bd3 Rd6 37. Rc4 Bb5 38. Rc3 Rd4 39. Rb3 a4 40. Rb1 Kc5 41. Rh1 Rd7 42. Rb1 Ra7 43. Rb4 Ra5 44. Kd2 Bxd3 1/2-1/2

[Event "GRE-ch U20"]
[Site "Trikala"]
[Date "2021.08.25"]
[Round "4"]
[White "Stoimenidis, Dimitrios"]
[Black "Tsarsitalidis, Konstantinos"]
[Result "1-0"]
[WhiteElo "1785"]
[BlackElo "1962"]
[PlyCount "125"]
[EventDate "2021.08.23"]
[EventType "swiss"]
[EventRounds "9"]
[EventCountry "GRE"]
[SourceTitle "EXT 2022"]
[Source "ChessBase"]
[SourceDate "2021.10.06"]
[SourceVersion "1"]
[SourceVersionDate "2021.10.06"]
[SourceQuality "1"]

1. e4 c5 2. Nf3 d6 3. d4 cxd4 4. Nxd4 Nf6 5. Nc3 a6 6. Be3 e5 7. Nf3 Be7 8. Nd2 b5 9. a4 b4 10. Nd5 Nxd5 11. exd5 Bf5 12. a5 Nd7 13. Nc4 0-0 14. Be2 Qc7 15. 0-0 Bg6 16. Qd2 Qb7 17. Ra4 Rab8 18. Bb6 Nf6 19. Ne3 Ne4 20. Qxb4 f5 21. Bd3 Ng5 22. f4 exf4 23. Rxf4 Be8 24. Ra1 g6 25. Qe1 Bf6 26. Qe2 Be5 27. Rf2 Qg7 28. Raf1 Bd7 29. Nc4 f4 30. Nxe5 dxe5 31. Be4 Rbc8 32. c4 Nxe4 33. Qxe4 Bf5 34. Qe2 g5 35. c5 e4 36. c6 Qe5 37. Qc4 e3 38. Re2 Qe4 39. Qxe4 Bxe4 40. Rd1 Rf5 41. d6 Bxc6 42. Rc2 Rff8 43. Rc5 h6 44. d7 Bxd7 45. Rxd7 Rxc5 46. Bxc5 Re8 47. Kf1 Re5 48. b4 h5 49. h3 g4 50. hxg4 hxg4 51. Rd4 Rf5 52. Bd6 f3 53. Rxg4+ Kf7 54. Rf4 e2+ 55. Kf2 Rxf4 56. Bxf4 fxg2 57. Bd2 Ke6 58. Kxg2 Kd5 59. Kf2 Kc4 60. Kxe2 Kd4 61. b5 Kc5 62. bxa6 Kc6 63. Bf4 1-0

[Event "GRE-ch U20"]
[Site "Trikala"]
[Date "2021.08.23"]
[Round "1"]
[White "Tsarsitalidis, Konstantinos"]
[Black "Tarchanidis, Nikolaos Christos"]
[Result "1-0"]
[WhiteElo "1962"]
[BlackElo "1194"]
[PlyCount "91"]
[EventDate "2021.08.23"]
[EventType "swiss"]
[EventRounds "9"]
[EventCountry "GRE"]
[SourceTitle "EXT 2022"]
[Source "ChessBase"]
[SourceDate "2021.10.06"]
[SourceVersion "1"]
[SourceVersionDate "2021.10.06"]
[SourceQuality "1"]

1. e4 e6 2. d4 d5 3. Nc3 Nf6 4. Bg5 Bb4 5. e5 h6 6. Bd2 Bxc3 7. Bxc3 Ne4 8. Bb4 c5 9. Bxc5 Nxc5 10. dxc5 Qc7 11. Nf3 Nd7 12. Qd4 Qxc5 13. c3 Qxd4 14. cxd4 Nb8 15. Rc1 Nc6 16. Bb5 Bd7 17. Bxc6 Bxc6 18. Rc5 a5 19. Kd2 0-0 20. b3 Rfc8 21. Rhc1 Bd7 22. Ne1 f6 23. Nd3 Bc6 24. f4 f5 25. R5c3 Kf7 26. Nc5 g5 27. fxg5 hxg5 28. h3 Rh8 29. Nxb7 Bxb7 30. Rc7+ Kg6 31. Rxb7 Rh4 32. Rcc7 Rg8 33. Re7 g4 34. Rxe6+ Kg5 35. hxg4 Rxg4 36. Rb5 Rxg2+ 37. Kc3 Rc8+ 38. Rc5 Rxc5+ 39. dxc5 Rxa2 40. c6 Ra1 41. Kd4 Rd1+ 42. Kc5 d4 43. c7 d3 44. Kb6 Rc1 45. Rd6 Rc3 46. Rxd3 1-0